00410nam a2200169Ia 4500003000400000005001700004008004100021020001800062040002900080050002200109100001700131245002200148250001100170260002800181300001900209650001200228OSt20230615152036.0221221s9999 xx 000 0 und d a0-536-97113-7 cChuka University Library aPE 1408bT75 2005 aTRIMBUR,JOHN 4aTHE CALL TO WRITE a3rd ed aNEW YORKbPEARSONc2005 avarious paging aWriting